000 01046nam a2200265Ia 4500
003 OSt
005 20221005105731.0
006 a|||||r|||| 00| 0
007 ta
008 221004b |||||||| |||| 00| 0 hin d
020 _a8174532838 (hbk)
_c500
024 _a101877
037 _b410, 23/03/2010, Swaraj Prakashan
_cTextual
040 _aCRL
_cCRL
_bhin
041 _2hin
_ahin
082 _aO152v, P7
100 _aश्रीवास्तव, गरिमा
245 0 _aहिन्दी साहित्य
_b 2100 बहुवैकल्पिक प्रश्नोत्तर
246 _aHindī sāhitya: 2100 bahuvaikalpik prashnottara
260 _aनई दिल्ली
_bसंजय प्रकाशन भारत
_c2007
300 _a281पृ0
_ccm.
700 _a शहनाज़ बानो
942 _hO152v, P7
_cTEXL
_2cc
999 _c1016743
_d1016743